MARC

LEADER 00000nas a22000007a 4500
001 ssj0001909
003 WaSeSS
005 20200512172242.0
006 m d
007 cr n
008 050615c19859999nyusx pss 0 a0eng c
010 |a  2008215364 
022 |a 1938-3371  |l 1938-3371  |y 8750-6874 
035 |a (WaSeSS)ssj0001909 
037 |b InformationWeek, 600 Community Drive, Manhasset, NY 11030 
040 |a OCLCS  |b eng  |c OCLCS  |d NSD  |d OCLCQ  |d OCLCE  |d OCLCQ  |d DLC  |d OCLCQ  |d OCLCF  |d OCLCO  |d OCLCQ  |d AU@  |d OCLCO  |d OCLCA  |d VT2  |d U3W  |d OCLCO  |d CEF  |d OCLCO  |d OCLCA  |d WaSeSS 
042 |a pcc  |a nsdp 
050 4 |a QA75.5  |b .I5344 
082 0 4 |a 004/.05  |2 19 
130 0 |a Informationweek (Manhasset, N.Y. : Online) 
222 0 |a Informationweek  |b (Manhasset, N.Y. : Online) 
245 1 0 |a Informationweek  |h [electronic resource]. 
246 3 0 |a Information week 
260 |a Manhasset, NY :  |b United Business Media, LLC 
260 2 |3 <2009-> :  |a London, UK :  |b United Business Media 
260 3 |3 <May 14, 2012-> :  |a Manhasset, NY :  |b UBM LLC 
310 |a 22 times a year,  |b <May 14, 2012-> 
321 |a Frequency varies,  |b <Jan. 14, 1985-Mar. 1989-> 
321 |a Weekly (combined issue July, Aug. and Dec.),  |b <Mar. 15, 2004-June 25, 2007> 
321 |a Weekly (combined issue Dec.),  |b 2007- 
362 1 |a Print began with issue 001 (Jan. 14, 1985). 
506 |a License restrictions may limit access. 
588 |a Description based on: Sept. 1, 2008; title from JPEG cover image (Informationweek website, viewed Sept. 4, 2008). 
650 0 |a Electronic data processing  |v Periodicals. 
650 0 |a Computers  |v Periodicals. 
650 0 |a Computer service industry  |v Periodicals. 
650 7 |a Computer service industry.  |2 fast  |0 (OCoLC)fst00872499 
650 7 |a Computers.  |2 fast  |0 (OCoLC)fst00872776 
650 7 |a Electronic data processing.  |2 fast  |0 (OCoLC)fst00906956 
650 1 7 |a Informatiemanagement.  |2 gtt 
650 2 |a Computers. 
650 2 |a Information Services. 
655 0 |a Electronic journals. 
776 0 8 |i Print version:  |t Informationweek (Manhasset, N.Y.)  |x 8750-6874  |w (DLC) 85645420  |w (OCoLC)11636008 
780 0 0 |t Information systems news 
856 4 0 |z Full text available from Research Library: 01/02/1995 to 09/30/2013  |u https://search.proquest.com/publication/30005